El secreto fiscal (Registro nro. 15675)

Detalles MARC
000 -LEADER
fixed length control field 00293 a2200109 4500
001 - CONTROL NUMBER
control field ART_31358
005 - DATE AND TIME OF LATEST TRANSACTION
control field 20260410161706.0
008 - FIXED-LENGTH DATA ELEMENTS--GENERAL INFORMATION
fixed length control field 260409a
100 1# - MAIN ENTRY--PERSONAL NAME
Personal name Melzi, Flavia Irene
245 10 - TITLE STATEMENT
Title El secreto fiscal
773 0# - HOST ITEM ENTRY
Title Revista Impuestos
Related parts - Nº 14 (jul. 2007)
Record control number REV639

No hay ítems disponibles.